Ochrana dôverných štatistických údajov v sčítaní obyvateľov, domov a bytov 2011

Problematika ochrany dôverných údajov v Sčítaní obyvateľov domov a bytov v 2011. Možné riziká ohrozenia dôvernosti vo frekvenčných tabuľkách. Metódy ochrany údajov použité pri publikovaní výsledkov SODB 2011.

Salvato in:
Dettagli Bibliografici
Autore principale: Frankovič, Boris
Natura: Capitolo di libro
Lingua:slovacco
Soggetti:
Tags: Aggiungi Tag
Nessun Tag, puoi essere il primo ad aggiungerne!!

MARC

LEADER 00000naa a2200000 4500
001 0190982
005 20220728113903.3
041 0 |a slo 
044 |a SK 
245 1 0 |a Ochrana dôverných štatistických údajov v sčítaní obyvateľov, domov a bytov 2011  |c Boris Frankovič 
520 |a Problematika ochrany dôverných údajov v Sčítaní obyvateľov domov a bytov v 2011. Možné riziká ohrozenia dôvernosti vo frekvenčných tabuľkách. Metódy ochrany údajov použité pri publikovaní výsledkov SODB 2011. 
610 2 0 |a sčítanie ľudu 
610 2 0 |a Slovensko 
610 2 0 |a ochrana dát 
610 2 0 |a ochrana údajov osobných 
610 2 0 |a metódy štatistické 
610 2 0 |a tabuľky štatistické 
610 2 0 |a Slovensko 
100 1 |a Frankovič, Boris